000 00371nam a2200145Ia 4500
005 20251222144748.0
008 251222s9999||||xx |||||||||||||| ||spa||
020 _a978-84-8966-082-3
082 _a004.22/S78
100 _aStallings, William
245 0 _aOrganización y arquitectura de computadores
250 _a7a.ed.
264 _bPerson Educación
942 _cLIB
999 _c19237
_d19237